000 00937cam a22002177a 4500
005 20191224041600.0
008 990320s1998 lu a i000 0 eng d
020 _a928283056X
040 _aWCL
_cWCL
_dOCL
_dCO-BoIAVH
041 _aeng
082 4 _a333.9516079
_bI61i
245 0 0 _aIntegrating biodiversity :
_ba European Community strategy for action /
_cEuropean Commission.
260 _aLuxembourg :
_bOffice for Official Publications of the European Communities ;
_aLanham, Md. :
_bBernan Associates [distributor],
_c1998.
300 _a20 paginas. :
_b ilustraciones. ;
_c30 cm.
500 _a"Directorate-General, Environment, Nuclear Safety and Civil Protection."
650 6 _aPolíticas ambientales
650 6 _aDiversidad biológica
650 6 _aMedio ambiente
710 2 _aEuropean Commission.
_bDirectorate-General for Environment, Nuclear Safety, and Civil Protection.
942 _2ddc
_cLIBRO
999 _c1367
_d1367